Characters in the Book of Judges - Statistics

General Stats
  • This quiz has been taken 21 times
  • The average score is 7 of 24
Answer Stats
Character Name % Correct
Manoah's Wife/Samson's Mother
100%
Samson
100%
Delilah
86%
Gideon
86%
Deborah
57%
Jephthah
43%
Jephthah's Daughter
43%
Othniel
43%
Ehud
29%
Manoah
29%
Abimelech
14%
Achsah
14%
Barak
14%
Caleb
14%
Eglon
14%
Jael
14%
Micah
14%
Sisera
14%
Adonibezek
0%
Heber
0%
Simeon
0%
Zalmunna
0%
Zebah
0%
Zebul
0%
No matching quizzes found
Score Distribution
Percent of People with Each Score
Percentile by Number Answered
Your Score History
You have not taken this quiz